000 00472nam a2200169Ia 4500
008 240729s9999 xx 000 0 und d
022 _a2459-8860
245 0 _aPublic Sector Economics
260 _aCroatia
260 _bInstitute of Public Finance
650 _a Economic theory. Demography
650 _a Economics as a science
650 _aSocial Sciences
856 _uhttps://doaj.org/toc/989d8f6023de48f68f1bd423b7d316d4
942 _2ddc
942 _cDOAJEJ
999 _c69636
_d69636
945 _a1
_bMadushi Gamage
_c1
_dMadushi Gamage